[Event "AUTO-INT-1937"]
[Site "http://www.queenalice.com/game.php?id=892554"]
[Date "2011.1.28"]
[Round "1"]
[White "Nascimento"]
[Black "rsvale"]
[Result "0-1"]
[WhiteElo "1364"]
[BlackElo "1494"]

1. e4 e5 2. d4 exd4 3. Qxd4 Nc6 4. Qd1 Nf6 5. Bg5 Be7 6. f3 d6 7. Bxf6 Bxf6 8.
Bb5 Bd7 9. Qd5 Bxb2 10. Qd2 Bxa1 11. c3 Ne5 12. Qd5 c6 13. Bxc6 Bxc6 14. Qd4 Qb6
15. Qxd6 Nd7 16. Nd2 Bxc3 17. Ne2 Bxd2+ 18. Kxd2 O-O-O 19. Qe7 Qb2+ 20. Ke3 Qb6+
21. Nd4 Rhe8 22. Qxf7 Ne5 23. Qxg7 Rd7 24. Qg5 Nc4+ 25. Kd3 Qxd4+ 0-1

[Event "AUTO-INT-1937"]
[Site "http://www.queenalice.com/game.php?id=892555"]
[Date "2011.1.28"]
[Round "1"]
[White "rsvale"]
[Black "Nascimento"]
[Result "1-0"]
[WhiteElo "1485"]
[BlackElo "1369"]

1. d4 d5 2. Bf4 Bf5 3. e3 Nc6 4. Nc3 Nf6 5. Bb5 a6 6. Bxc6+ bxc6 7. Nf3 h6 8.
Ne5 e6 9. a3 c5 10. dxc5 Bxc5 11. Na4 Ne4 12. Nxc5 f6 13. Nc6 Qc8 14. Nxe4 Bxe4
15. f3 Bf5 16. g4 Bg6 17. h4 f5 18. Qd4 fxg4 19. Qxg7 Bxc2 20. Qe7# 1-0

[Event "AUTO-INT-1937"]
[Site "http://www.queenalice.com/game.php?id=892570"]
[Date "2011.1.28"]
[Round "1"]
[White "lorddrago"]
[Black "rsvale"]
[Result "0-1"]
[WhiteElo "1674"]
[BlackElo "1487"]

1. e4 e5 2. Nf3 Nc6 3. Bb5 Nd4 4. Nxd4 exd4 5. O-O c6 6. Be2 Qf6 7. d3 g5 8. f4
h6 9. fxg5 Qg6 10. Bh5 Qd6 11. Rxf7 Kd8 12. Qf3 Be7 13. Bf4 Qb4 14. b3 hxg5 15.
Be5 Qe1+ 16. Qf1 Qxf1+ 17. Rxf1 Rxh5 18. Nd2 d6 19. Bxd4 c5 20. Be3 Be6 21. c4
Kc7 22. a3 Nf6 23. h3 g4 24. hxg4 Nxg4 25. Bf4 Rah8 26. g3 Bf6 27. Ra2 Rh2 28.
Nf3 Rxa2 0-1

[Event "AUTO-INT-1937"]
[Site "http://www.queenalice.com/game.php?id=892571"]
[Date "2011.1.28"]
[Round "1"]
[White "rsvale"]
[Black "lorddrago"]
[Result "0-1"]
[WhiteElo "1498"]
[BlackElo "1687"]

1. e4 e5 2. Bc4 c6 3. d3 d5 4. exd5 cxd5 5. Bb5+ Bd7 6. Nc3 Bxb5 7. Nxb5 a6 8.
Nc3 d4 9. Ne4 f5 10. Bg5 Be7 11. Bxe7 Qxe7 12. Ng3 f4 13. Ne4 Nf6 14. Nxf6+ Qxf6
15. Nf3 O-O 16. Qe2 Nc6 17. g3 Rae8 18. O-O-O fxg3 19. hxg3 Qxf3 20. Qxf3 Rxf3
21. Rh2 Nb4 22. a3 Nd5 23. Rdh1 h6 24. Kd2 e4 25. Ke2 Rf6 26. Kd2 e3+ 27. fxe3
dxe3+ 28. Kc1 Nc7 29. Re2 Rf2 30. Kd1 Nb5 31. Rxf2 exf2 32. c3 Nd6 33. Rf1 Rf8
34. Ke2 Nf5 35. g4 Ng3+ 36. Kd2 Nxf1+ 37. Ke2 Ng3+ 38. Kd2 f1=Q 39. Kc2 Rf2+ 40.
Kb3 Qd1+ 41. Kc4 Rf4+ 42. d4 Qa4+ 0-1

[Event "AUTO-INT-1937"]
[Site "http://www.queenalice.com/game.php?id=892580"]
[Date "2011.1.28"]
[Round "1"]
[White "LEOKnopp"]
[Black "rsvale"]
[Result "1-0"]
[WhiteElo "1513"]
[BlackElo "1474"]

1. e4 e5 2. Nf3 d6 3. Bc4 Bg4 4. h3 Be6 5. d3 h6 6. g4 Bxc4 7. dxc4 Nf6 8. Nc3
Nc6 9. Nb5 a6 10. Nc3 Qd7 11. Nd5 Nxd5 12. cxd5 Nd4 13. c3 Nxf3+ 14. Qxf3 O-O-O
15. h4 Qb5 16. Qf5+ Qd7 17. Qf3 Be7 18. Qxf7 Bf6 19. Qg6 c6 20. g5 hxg5 21. h5
Rh6 22. Qf5 Qxf5 23. exf5 Rdh8 24. Rg1 Rxh5 25. Be3 Rh1 26. Ke2 Rxg1 27. Rxg1
cxd5 28. c4 dxc4 29. Kd2 d5 30. Bb6 d4 31. Rc1 Kb8 32. Rxc4 Rh2 33. Ke2 g4 34.
Kf1 Bh4 35. Kg1 Rxf2 36. Rc7 Rxb2 37. Rxg7 Kc8 38. Rxg4 Be7 39. Ba5 Rxa2 40. Be1
1-0

[Event "AUTO-INT-1937"]
[Site "http://www.queenalice.com/game.php?id=892581"]
[Date "2011.1.28"]
[Round "1"]
[White "rsvale"]
[Black "LEOKnopp"]
[Result "0-1"]
[WhiteElo "1490"]
[BlackElo "1497"]

1. d4 d5 2. Bf4 Bf5 3. e3 Nf6 4. Nc3 e6 5. a3 Nc6 6. Bb5 a6 7. Bxc6+ bxc6 8. Nf3
c5 9. Ne5 cxd4 10. exd4 h6 11. Nc6 Qd7 12. Nb4 Ne4 13. Nxe4 Bxe4 14. f3 Bxb4+
15. c3 Ba5 16. fxe4 dxe4 17. b4 Qd5 18. bxa5 e3 19. Qg4 Qe4 20. O-O Rb8 21. Qxg7
Ke7 22. Bxh6 Rhg8 23. Bg5+ Kd6 24. Qe5+ Qxe5 25. Bf4 Qxf4 26. Rxf4 e5 27. dxe5+
Kxe5 28. g3 Rbe8 29. Rxf7 Kd5 30. Re1 Kc4 31. Rxc7+ Kb3 32. Ra7 Kxc3 33. Rxa6
Kd2 34. Rb1 e2 35. Rd6+ Kc2 36. Re1 Rgf8 37. a6 Rf7 38. Rc6+ Kd2 39. Rcc1 Ref8
40. h4 Ra7 41. g4 Rc7 0-1

[Event "AUTO-INT-1943"]
[Site "http://www.queenalice.com/game.php?id=895742"]
[Date "2011.2.4"]
[Round "1"]
[White "murphyfish"]
[Black "rsvale"]
[Result "0-1"]
[WhiteElo "1266"]
[BlackElo "1495"]

1. e4 e5 2. d4 Qf6 3. Nf3 exd4 4. Qxd4 Nc6 5. e5 Nxd4 6. exf6 Nxf3+ 7. gxf3 Nxf6
8. Be3 d5 9. Nd2 c5 10. O-O-O Be7 11. Rg1 g6 12. c4 dxc4 13. Nxc4 O-O 14. Ne5
Bf5 15. b3 a6 16. Bc4 b5 17. Rd7 Nxd7 18. Bd5 Rad8 19. Bh6 Nxe5 20. Bb7 a5 21.
f4 Ng4 22. Bxf8 Bxf8 23. Rg2 Be6 24. h3 Nf6 25. f5 Bxf5 26. f4 Bxh3 27. Rg5 h6
28. Rxc5 Bxc5 0-1

[Event "AUTO-INT-1943"]
[Site "http://www.queenalice.com/game.php?id=895743"]
[Date "2011.2.4"]
[Round "1"]
[White "rsvale"]
[Black "murphyfish"]
[Result "0-1"]
[WhiteElo "1512"]
[BlackElo "1309"]

1. d4 d5 2. Bf4 e6 3. a3 g6 4. e3 Nf6 5. Nf3 Bg7 6. Bd3 O-O 7. h4 Nc6 8. Ne5 a5
9. Nxc6 bxc6 10. g4 Rb8 11. b3 Nxg4 12. Qxg4 e5 13. Qg2 exf4 14. exf4 Bxd4 15.
O-O Bxa1 16. h5 Qe8 17. f5 Bxf5 18. Bxf5 Qe5 19. Bd3 Qxh5 20. f4 Bd4+ 21. Rf2
Rbe8 22. Kf1 Re7 23. Be2 Qh4 24. c3 Bb6 25. Nd2 Rfe8 26. Nf3 Qxf4 27. Qg5 Qe3
28. Qxe3 Bxe3 29. Nd4 Bd2 30. Nxc6 Re6 31. Nxa5 Be3 32. Rg2 Bb6 33. Bb5 Re1# 0-1

[Event "AUTO-INT-1943"]
[Site "http://www.queenalice.com/game.php?id=895756"]
[Date "2011.2.4"]
[Round "1"]
[White "robinud"]
[Black "rsvale"]
[Result "1-0"]
[WhiteElo "1759"]
[BlackElo "1504"]

1. e4 e5 2. Nf3 Nc6 3. Bb5 Bc5 4. Bxc6 dxc6 5. d3 h6 6. Nxe5 Qf6 7. Nf3 Bg4 8.
h3 Bxf3 9. Qxf3 Qxf3 10. gxf3 O-O-O 11. Be3 Bxe3 12. fxe3 g6 13. Nc3 Ne7 14.
O-O-O b5 15. d4 a5 16. e5 Nd5 17. Nxd5 cxd5 18. Rd3 b4 19. a3 f5 20. exf6 Rdf8
21. axb4 axb4 22. Kd2 Rxf6 23. Ra1 Kd7 24. f4 g5 25. Rb3 gxf4 26. exf4 Rxf4 27.
Rxb4 Kd6 28. Ra6+ c6 29. Rbb6 Rc8 30. Ke3 Rh4 31. c4 dxc4 32. b4 Rxh3+ 33. Kd2
Kd5 34. Rb7 Rd3+ 35. Kc2 Rxd4 36. Rd7+ Ke6 37. Rxd4 h5 38. Rxc4 Kd5 39. Kc3 Kd6
40. b5 h4 41. Rcxc6+ Rxc6+ 42. Rxc6+ Kd7 43. Rh6 h3 44. Rxh3 Kc7 45. Kc4 Kb6 46.
Rb3 Ka7 47. Kc5 Kb7 48. b6 1-0

[Event "AUTO-INT-1943"]
[Site "http://www.queenalice.com/game.php?id=895757"]
[Date "2011.2.4"]
[Round "1"]
[White "rsvale"]
[Black "robinud"]
[Result "0-1"]
[WhiteElo "1510"]
[BlackElo "1753"]

1. d4 d5 2. Bf4 Nf6 3. e3 e6 4. a3 Bd6 5. Qf3 Bxf4 6. Qxf4 O-O 7. Nd2 c6 8. g4
Nbd7 9. h4 Re8 10. g5 Nh5 11. Qf3 g6 12. Nh3 e5 13. O-O-O exd4 14. exd4 a6 15.
Bd3 b5 16. Nf4 Nxf4 17. Qxf4 Nb6 18. Nf3 Na4 19. Ne5 Qd6 20. Rde1 c5 21. h5 cxd4
22. Qxd4 Nc5 23. hxg6 fxg6 24. Nxg6 Rxe1+ 25. Rxe1 hxg6 26. f4 Ne6 27. Bxg6 Nxd4
28. c3 Qxf4+ 29. Kb1 Bf5+ 30. Bxf5 Qxf5+ 31. Ka2 Qxg5 32. Rd1 Nc6 33. Rd4 Nxd4
34. cxd4 Qd2 35. Kb3 a5 36. a4 Qb4+ 37. Kc2 Qxa4+ 38. b3 Qxd4 39. Kb1 a4 40.
bxa4 Rxa4 41. Kc2 Ra2+ 42. Kb3 Qb2# 0-1

[Event "AUTO-INT-1943"]
[Site "http://www.queenalice.com/game.php?id=895764"]
[Date "2011.2.4"]
[Round "1"]
[White "sphagnis"]
[Black "rsvale"]
[Result "1-0"]
[WhiteElo "1745"]
[BlackElo "1460"]

1. e4 e5 2. Bc4 Nf6 3. d3 h6 4. Nf3 Bc5 5. Nxe5 d6 6. Nxf7 Qe7 7. Nxh8 Bg4 8. f3
Be6 9. Ng6 Qf7 10. Nh8 Nbd7 11. Nxf7 Kxf7 12. a3 a6 13. Nc3 Nb6 14. Bxe6+ Kxe6
15. f4 g6 16. Qe2 Kd7 17. f5 g5 18. Be3 a5 19. Bxc5 dxc5 20. O-O-O 1-0

[Event "AUTO-INT-1943"]
[Site "http://www.queenalice.com/game.php?id=895765"]
[Date "2011.2.4"]
[Round "1"]
[White "rsvale"]
[Black "sphagnis"]
[Result "0-1"]
[WhiteElo "1455"]
[BlackElo "1750"]

1. d4 d6 2. e4 Nc6 3. d5 Ne5 4. Nf3 Bg4 5. Be2 Bxf3 6. Bxf3 Nf6 7. c3 e6 8. Bg5
Be7 9. Nd2 Nd3+ 10. Ke2 Nxb2 11. Qb3 h6 12. Bxf6 Bxf6 13. Qxb2 c5 14. Qxb7 Bxc3
15. Nc4 Bxa1 16. Rxa1 O-O 17. Qc6 Rc8 18. Qxd6 Qxd6 19. Nxd6 Rc7 20. a4 Rd8 0-1

[Event "AUTO-OPEN-2255"]
[Site "http://www.queenalice.com/game.php?id=896614"]
[Date "2011.2.6"]
[Round "1"]
[White "Phenomenusmiracularis"]
[Black "rsvale"]
[Result "1-0"]
[WhiteElo "2186"]
[BlackElo "1512"]

1. e4 e5 2. Nf3 Nc6 3. d4 d6 4. dxe5 dxe5 5. Qxd8+ Nxd8 6. Nxe5 Bd6 7. Nf3 Bg4
8. Nd4 Nf6 9. f3 Be6 10. Nc3 c5 11. Ndb5 Kd7 12. Be3 a6 13. Nxd6 Kxd6 14. O-O-O+
Kc6 15. g4 h5 16. g5 Nd7 17. Bf4 Kb6 18. Rd6+ Ka7 19. Be3 b6 20. f4 Bg4 21. h3
Bf3 22. Rxd7+ Nb7 23. Rh2 a5 24. Nb5+ Kb8 25. f5 Kc8 26. Rhd2 Bxe4 27. Rc7+ Kb8
28. Bf4 Rc8 29. Re7+ Rc7 30. Bxc7+ Kc8 31. Re8+ Nd8 32. Rdxd8+ Kb7 33. Rxa8 Kc6
34. Rxe4 h4 35. Bg2 Kxb5 36. a4+ Kc6 37. Re7# 1-0

[Event "AUTO-OPEN-2255"]
[Site "http://www.queenalice.com/game.php?id=896615"]
[Date "2011.2.6"]
[Round "1"]
[White "rsvale"]
[Black "Phenomenusmiracularis"]
[Result "0-1"]
[WhiteElo "1494"]
[BlackElo "2193"]

1. d4 d5 2. Bf4 c5 3. Bxb8 Rxb8 4. Nc3 Nf6 5. e3 a6 6. Nf3 Bg4 7. h3 Bh5 8. dxc5
Bxf3 9. Qxf3 e5 10. O-O-O d4 11. exd4 exd4 12. Bc4 Bxc5 13. Rhe1+ Kf8 14. g4 h6
15. h4 Qc7 16. g5 hxg5 17. hxg5 dxc3 18. gxf6 cxb2+ 19. Kxb2 Qb6+ 20. Ka1 Bd4+
21. c3 Bxf6 22. Rb1 Qc5 23. Re4 b5 24. Be2 Bxc3+ 25. Rb2 Bf6 26. Qe3 Rh1+ 27.
Bd1 Rxd1+ 28. Qc1 Rxc1# 0-1

[Event "AUTO-OPEN-2255"]
[Site "http://www.queenalice.com/game.php?id=896636"]
[Date "2011.2.6"]
[Round "1"]
[White "edvz"]
[Black "rsvale"]
[Result "1-0"]
[WhiteElo "2257"]
[BlackElo "1496"]

1. e4 d5 2. exd5 Qxd5 3. Nc3 Qe6+ 4. Be2 Nf6 5. Nf3 Bd7 6. O-O h5 7. d4 c6 8.
Re1 Qf5 9. Bd3 Qa5 10. Bd2 Qb6 11. Na4 Qc7 12. Ne5 Ng4 13. Qf3 Nxe5 14. dxe5 Na6
15. e6 Bxe6 16. Rxe6 fxe6 17. Bg6+ Kd8 18. Bf4 e5 19. Rd1+ Kc8 20. Bf5+ Kb8 21.
Rd7 Qa5 22. Qd1 e6 23. Rd8+ Qxd8 24. Qxd8# 1-0

[Event "AUTO-OPEN-2255"]
[Site "http://www.queenalice.com/game.php?id=896637"]
[Date "2011.2.6"]
[Round "1"]
[White "rsvale"]
[Black "edvz"]
[Result "0-1"]
[WhiteElo "1505"]
[BlackElo "2259"]

1. d4 f5 2. Bf4 Nf6 3. e3 e6 4. a3 Be7 5. Nf3 O-O 6. h4 c5 7. Nc3 cxd4 8. Nxd4
a6 9. Bc4 b5 10. Bb3 Kh8 11. Bg5 Qb6 12. h5 h6 13. Bxf6 Bxf6 14. Qf3 d5 15. g4
f4 16. Qxf4 e5 17. Qg3 exd4 18. Nxd5 Qc6 19. O-O-O Nd7 20. Nxf6 Nxf6 21. f3 d3
22. Rxd3 Bb7 23. e4 Rad8 24. Rxd8 Rxd8 25. Rd1 Rxd1+ 26. Kxd1 Kh7 27. Qe5 Bc8
28. g5 hxg5 29. Qf5+ Bxf5 30. exf5 Qxf3+ 31. Kc1 Ne4 32. c3 Qf1+ 33. Bd1 Qe1 34.
Kc2 Qd2+ 35. Kb3 Qxd1+ 36. Kb4 Qa4# 0-1

[Event "AUTO-OPEN-2255"]
[Site "http://www.queenalice.com/game.php?id=896650"]
[Date "2011.2.6"]
[Round "1"]
[White "rsvale"]
[Black "Liammason"]
[Result "0-1"]
[WhiteElo "1498"]
[BlackElo "1719"]

1. d4 Nc6 2. e4 e5 3. d5 Nce7 4. Bg5 f6 5. Be3 Ng6 6. a3 b6 7. Nc3 a6 8. Nf3 d6
9. h3 h6 10. b4 b5 11. a4 bxa4 12. Nxa4 N8e7 13. c4 f5 14. exf5 Bxf5 15. Bd3 e4
16. Bxe4 Bxe4 17. O-O Nf5 18. Nc3 Nxe3 19. fxe3 Bxf3 20. Qxf3 Qe7 21. e4 Ne5 22.
Qf5 g6 23. Qf6 Bg7 24. Qxe7+ Kxe7 25. b5 Nxc4 26. Rac1 Bxc3 27. Rxc3 Nd2 28. Re1
Kd7 29. g4 Rhe8 30. Rce3 Nc4 31. Rf3 axb5 32. Rf7+ Re7 33. Rf6 Ne5 34. Rb1 Ra5
35. Kg2 Nd3 36. Rxg6 Nf4+ 37. Kg3 Nxg6 38. h4 Rxe4 39. h5 Ne5 40. g5 Rg4+ 41.
Kh3 Rxg5 42. Kh4 Ra4+ 43. Kh3 Rxh5+ 44. Kg3 Rg4+ 45. Kf2 Rh3 46. Rxb5 Nd3+ 47.
Ke2 Nf4+ 48. Kf2 Rg2+ 0-1

[Event "AUTO-OPEN-2255"]
[Site "http://www.queenalice.com/game.php?id=896651"]
[Date "2011.2.6"]
[Round "1"]
[White "Liammason"]
[Black "rsvale"]
[Result "1-0"]
[WhiteElo "1710"]
[BlackElo "1503"]

1. e4 e5 2. Nf3 Nc6 3. Bc4 Bc5 4. c3 d6 5. h3 Qf6 6. d4 exd4 7. Bg5 Qg6 8. O-O
h6 9. cxd4 Nxd4 10. Nxd4 Bxd4 11. Qxd4 Qxg5 12. f4 Qg3 13. Qd5 Be6 14. Qxb7 Rd8
15. Bxe6 fxe6 16. Qxa7 Nf6 17. Nc3 O-O 18. Rf3 Qh4 19. Qxc7 e5 20. Raf1 Nh5 21.
f5 Nf4 22. Qc4+ Kh8 23. Ne2 Nxe2+ 24. Qxe2 d5 25. exd5 Rxd5 26. Qf2 e4 27. Qxh4
exf3 28. Rxf3 Kh7 29. Qe4 Rdd8 30. f6+ g6 31. Qe7+ Kg8 32. Qg7# 1-0

[Event "Challenge"]
[Site "http://www.queenalice.com/game.php?id=897714"]
[Date "2011.2.8"]
[Round "-"]
[White "rsvale"]
[Black "thiagonsmelo"]
[Result "1-0"]
[WhiteElo "1510"]
[BlackElo "1136"]

1. d4 e6 2. e4 Bd6 3. e5 Bb4+ 4. Bd2 Nh6 5. Bxb4 Qh4 6. Nf3 Qe4+ 7. Qe2 f5 8.
Nc3 Qxe2+ 9. Bxe2 Nc6 10. a3 Nxb4 11. axb4 O-O 12. Nb5 c6 13. Nd6 b6 14. Ba6 b5
15. Bxc8 Nf7 16. Nxf7 Raxc8 17. Nd6 Rb8 18. Rxa7 Rfd8 19. O-O Ra8 20. Rfa1 Rxa7
21. Rxa7 h5 22. Ng5 g6 23. h4 Kf8 24. f3 Rb8 25. Rxd7 f4 26. Rf7+ Kg8 27. Rxf4
Rf8 28. Nxe6 Rxf4 29. Nxf4 Kg7 30. e6 Kh6 31. e7 g5 32. Nf7+ Kg7 33. e8=Q g4 34.
Ng5 Kf6 35. Qe6+ Kg7 36. Nxh5+ Kf8 37. Qf7# 1-0

[Event "AUTO-INT-1961"]
[Site "http://www.queenalice.com/game.php?id=903834"]
[Date "2011.2.22"]
[Round "1"]
[White "rsvale"]
[Black "yannigator"]
[Result "0-1"]
[WhiteElo "1491"]
[BlackElo "1782"]

1. d4 d5 2. Bf4 c5 3. Bxb8 Rxb8 4. e3 cxd4 5. Qxd4 Qa5+ 6. Nc3 e6 7. a3 Bd7 8.
b4 Qc7 9. Bb5 Bd6 10. Qxg7 Be5 11. Bxd7+ Kxd7 12. Qxf7+ Ne7 13. O-O-O Qxc3 14.
Nf3 Qb2+ 15. Kd2 Bc3+ 16. Ke2 Qxc2+ 0-1

[Event "AUTO-INT-1961"]
[Site "http://www.queenalice.com/game.php?id=903835"]
[Date "2011.2.22"]
[Round "1"]
[White "yannigator"]
[Black "rsvale"]
[Result "1-0"]
[WhiteElo "1793"]
[BlackElo "1516"]

1. e4 e5 2. Nf3 Nc6 3. Bc4 Bc5 4. c3 d6 5. O-O Qf6 6. d3 h6 7. Be3 Bg4 8. b4
Bxe3 9. fxe3 O-O-O 10. Bd5 Nge7 11. Bxc6 bxc6 12. Qa4 Kd7 13. Nd4 Qh4 14. b5
cxb5 15. Qxb5+ Kc8 16. Qa6+ Kb8 17. Na3 Bc8 18. Nc6+ Nxc6 19. Rab1+ Ka8 20.
Qxc6+ Bb7 21. Qxb7# 1-0

[Event "AUTO-INT-1961"]
[Site "http://www.queenalice.com/game.php?id=903836"]
[Date "2011.2.22"]
[Round "1"]
[White "rsvale"]
[Black "VARAZDATYAN"]
[Result "0-1"]
[WhiteElo "1447"]
[BlackElo "1768"]

1. d4 e6 2. e4 d5 3. e5 c5 4. Bb5+ Bd7 5. Nc3 Bxb5 6. Nxb5 Qa5+ 7. Nc3 Nc6 8.
Bd2 Qc7 9. Nf3 cxd4 10. Nb5 Qb8 11. O-O Nxe5 12. Nbxd4 Nxf3+ 13. Nxf3 Nf6 14. c3
Bd6 15. Qa4+ b5 16. Qa6 O-O 17. Rfb1 Ne4 18. a4 Nxd2 19. Nxd2 Bxh2+ 20. Kf1 bxa4
21. Rxa4 Qb6 22. Qxb6 axb6 23. Rxa8 Rxa8 24. g3 h5 25. Kg2 Bxg3 26. fxg3 b5 27.
Nf3 f6 28. Kh3 g5 29. Nd4 Kf7 30. Nxb5 Ke7 31. Nc7 Ra7 32. Nb5 Kd7 33. Nxa7 Kd6
34. Nb5+ Kc5 35. Nd4 e5 36. Nf5 Kc4 37. Ng7 h4 38. gxh4 gxh4 0-1

[Event "AUTO-INT-1961"]
[Site "http://www.queenalice.com/game.php?id=903837"]
[Date "2011.2.22"]
[Round "1"]
[White "VARAZDATYAN"]
[Black "rsvale"]
[Result "1-0"]
[WhiteElo "1936"]
[BlackElo "1507"]

1. e4 e5 2. f4 Nc6 3. Nf3 d6 4. Bc4 Bg4 5. O-O h5 6. h3 Bxf3 7. Qxf3 exf4 8.
Qxf4 f6 9. c3 Be7 10. d4 Qd7 11. Bb5 g5 12. Qf2 a6 13. Ba4 O-O-O 14. d5 b6 15.
Bxc6 Qxc6 16. dxc6 g4 17. Qf5+ Kb8 18. hxg4 hxg4 19. Qxg4 Nh6 20. Qg7 Bf8 21.
Qxf6 Be7 22. Qxe7 Ng4 23. Rf7 Rc8 24. Bf4 Ne5 25. Bxe5 dxe5 26. Qxe5 Rhe8 27.
Re7 Red8 28. Na3 Rh8 29. Rxc7 Rxc7 30. Qxh8+ Rc8 31. Qxc8+ 1-0

[Event "AUTO-INT-1961"]
[Site "http://www.queenalice.com/game.php?id=903838"]
[Date "2011.2.22"]
[Round "1"]
[White "rsvale"]
[Black "papilon_br"]
[Result "0-1"]
[WhiteElo "1507"]
[BlackElo "1671"]

1. d4 d5 2. Bf4 Nf6 3. e3 Nc6 4. Bb5 Bd7 5. Qd2 e6 6. a3 g6 7. Nf3 Bg7 8. Nc3
O-O 9. h4 a6 10. Bxc6 Bxc6 11. Ne5 Ne4 12. Nxe4 dxe4 13. h5 f6 14. Nxc6 bxc6 15.
hxg6 hxg6 16. O-O-O f5 17. Qe2 Re8 18. g4 Qd5 19. gxf5 exf5 20. Rdg1 Qf7 21. Rg2
Re6 22. Qc4 Bf6 23. Rhg1 Bh4 24. Rxg6+ Rxg6 25. Qxf7+ Kxf7 26. Bg3 Bxg3 27. Rxg3
Rxg3 28. fxg3 Rg8 29. Kd2 Rxg3 30. c4 Rg2+ 31. Kc3 Re2 32. Kb4 Rxb2+ 33. Kc5 Rb3
34. Kxc6 Rxe3 35. Kxc7 Rxa3 36. Kb6 Ke7 37. d5 e3 38. c5 e2 39. d6+ Kd8 40. c6
Rc3 41. c7+ Rxc7 42. dxc7+ Kc8 43. Kxa6 e1=Q 0-1

[Event "AUTO-INT-1961"]
[Site "http://www.queenalice.com/game.php?id=903839"]
[Date "2011.2.22"]
[Round "1"]
[White "papilon_br"]
[Black "rsvale"]
[Result "1-0"]
[WhiteElo "1657"]
[BlackElo "1511"]

1. e4 e5 2. Nf3 Nc6 3. Bb5 Nge7 4. Nc3 d6 5. Nd5 Nxd5 6. exd5 a6 7. Bxc6+ bxc6
8. dxc6 Qf6 9. d3 Be7 10. Bg5 Qe6 11. O-O O-O 12. Re1 f6 13. Bf4 Qg4 14. Be3 f5
15. h3 Qh5 16. Ng5 f4 17. Qxh5 h6 18. Bd2 Bxg5 19. g3 fxg3 20. Bxg5 gxf2+ 21.
Kf1 a5 22. Re2 Rf5 23. Rxf2 Rxf2+ 24. Kxf2 Ra6 25. Qe8+ Kh7 26. Bd2 Bxh3 27. Rg1
Rxc6 28. Qg6+ 1-0